| 000 | 00395nam a2200121 4500 | ||
|---|---|---|---|
| 005 | 20260422114350.0 | ||
| 008 | 260422b |||||||| |||| 00| 0 eng d | ||
| 100 | _aGregory C. Thomas | ||
| 245 |
_aUses and Applications of Chemical and related materials _c/Thomas C. Gregory |
||
| 260 |
_aNew York, USA; _bReinhold Publishing corporation; _c1939 |
||
| 300 |
_avi,665p.ill; _c23.2cm |
||
| 942 |
_2lcc _n0 _cBK |
||
| 999 |
_c230 _d230 |
||